00456nam a2200169 a 4500008004100000020002200041100001800063245004800081260003500129300003400164500002000198650002600218650001500244003000100259005001700260040000900277  a0263062961 (pbk.)1 aLiptrot G. F.10aModern inorganic chemistry /cG.F. Liptrot. aLondon :bMills & Boon,c1971. axv, 469 p. :b ill. ;c24 cm. aIncludes index. aInorganic chemistrty. 1aChemistry.20230123134159.0 cNUST